000 03050cam a22012134a 4500
003 PE-LiUPU
005 20250813185708.0
008 070904s2005 mx a b 000 0 spa c
010 _a 2007469446
020 _a9789682325991
040 _cPE-LiUPU
_bspa
_erda
_dPE-LiUPU
043 _acl-----
050 0 0 _aHC130.I52
_bC36 2005
082 _223
_a338.98
_bC183
245 0 3 _aEl camino latinoamericano hacia la competitividad :
_bPolíticas públicas para el desarrollo productivo y tecnológico /
_cpor Carlos Bonvecchi y otros quince ; Mario Cimoli, Beatriz García, Celso Garrido, coordinadores.
250 _aPrimera edición
264 _aMéxico, D.F. :
_bSiglo Veintiuno Editores ;
_c2005.
300 _a354 páginas :
_bilustrado ;
_c21 centímetros.
490 _a(Economía y demografía)
504 _aIncluye referencias bibliográficas.
505 _aDinámica y especialización productiva -- Redes, instituciones y aprendizaje -- Política industriales y tecnológicas.
526 _aP202
526 _aP201
526 _aP163
526 _aP162
526 _aP161
526 _aP160
526 _aP148
526 _aP147
526 _aP146
526 _aP145
526 _aP144
526 _aP143
526 _aP142
526 _aP141
526 _aP140
526 _aP139
526 _aP138
526 _aP137
526 _aP136
526 _aP135
526 _aP134
526 _aP133
526 _aP129
526 _aP128
526 _aP127
526 _aP120
526 _aP119
526 _aP118
526 _aP116
526 _aP115
526 _aP114
526 _aP110
526 _aP109
526 _aP108
526 _aP104
526 _aP103
526 _aP102
526 _aP99
526 _aP98
526 _aP97
526 _aP96
526 _aP95
526 _aP93
526 _aP90
526 _aP89
526 _aP88
526 _aP83
526 _aP82
526 _aP62
526 _aP59
526 _aP58
526 _aP57
526 _aP51
526 _aP49
526 _aP48
526 _aP47
526 _aP29
526 _aP24
526 _aP20
526 _aP19
526 _aP17
526 _aP15
526 _aP14
526 _aP12
526 _aP10
526 _aP09
526 _aP08
526 _aP07
526 _aP06
526 _aP05
526 _aP04
526 _aP01
650 1 4 _aProductividad industrial
_zAmérica Latina.
_94027
650 2 4 _aPolítica industrial
_zAmérica Latina.
_94028
650 2 4 _aCompetición
_zAmérica Latina.
_94029
651 2 0 _aAmérica Latina
_xEconomía política
_94032
700 1 _aBonvecchi, Carlos.
_eautor.
700 1 _aCimoli, Mario.
_ecoordinador.
700 1 _aGarcía Castro, Ma. Beatriz
_q(María Beatriz)
_ecoordinador.
700 1 _aGarrido N., Celso.
_ecoordinador.
942 _2ddc
_cBK
_n0
980 _618228
_aChristian Lazo Analista Documental
_81
_gALBERTO SANCHEZ Responsable de Automatización
999 _c62409
_d62408